000 00588nam a2200181Ia 4500
005 20250508153402.0
008 008 250505s9999 xx 000 0 eng d
037 _aTextual
040 _aFEDL
_beng
_cFEDL
041 _aeng
_2eng
084 _a379.73, UNI
_qFEDL
100 _aSchloss Samuel
_9763855
245 0 _aStatisics of state school systems: 1956-56. Chapter 2 Organization, staff, pupills, and finances
260 _aWashington, USA
_bU.S. Government Printing Office
_c1959
300 _axi,140p.
942 _cTEXL
_h379.73, UNI
999 _c1342477
_d1342477